000 00631nam a2200241Ia 4500
003 OSt
005 20220924144317.0
006 a|||||r|||| 00| 0
007 ta
008 220923b |||||||| |||| 00| 0 urd d
020 _c12.00
024 _a313488
037 _cTextual
040 _aARTS
_cARTS
_burd
041 _2urd
_aurd
082 _aO168,1L97x, K7
100 _aBalgriami Aulad Hussain Shadaan
_9217443
245 0 _aSharah deewan-e-ghalib
260 _c1967
650 _aURDU POETRY
942 _hO168,1L97x, K7
_cTEXL
_2CC
999 _c456708
_d456708